Every city in Río Negro, Argentina - Statistics

General Stats
  • This quiz has been taken 83 times
  • The average score is 21 of 117
Answer Stats
Population City name % Correct
52.789 Viedma
100%
109.305 San Carlos De Bariloche
93%
81.534 General Roca
79%
77.713 Cipolletti
64%
17.061 El Bolsón
57%
6.261 Ingeniero Jacobacci
50%
11.733 Río Colorado
50%
16.265 San Antonio Oeste
50%
22.859 Allen
43%
3.469 Dina Huapi
43%
4.807 Las Grutas
43%
10.146 Choele Choel
36%
2.494 Maquinchao
36%
757 Pilcaniyeu
36%
30.028 Villa Regina
36%
1.651 Barda Del Medio
29%
3.057 Chichinales
29%
22.790 Cinco Saltos
29%
150 Colonia Suiza
29%
498 El Cuy
29%
5.484 General Conesa
29%
5.187 Los Menucos
29%
5.603 Luis Beltrán
29%
565 Ñorquincó
29%
5 Bahía Creek
21%
17.584 Catriel
21%
3.252 Cervantes
21%
71 Chelforó
21%
1.497 Comallo
21%
1.148 Darwin
21%
746 El Cóndor
21%
155 El Foyel
21%
6.772 General Fernández Oro
21%
6.227 Ingeniero Luis A. Huergo
21%
7.686 Lamarque
21%
7.404 Sierra Grande
21%
3.867 Valcheta
21%
726 Valle Azul
21%
88 Villa Catedral
21%
2.697 Villa Manzano
21%
4.025 Chimpay
14%
114 Clemente Onelli
14%
217 Cona Niyeu
14%
1.000 Contralmirante Cordero
14%
1.764 Coronel Belisle
14%
176 El Caín
14%
683 El Manso
14%
1.385 Ferri
14%
3.112 General Enrique Godoy
14%
856 Guardia Mitre
14%
52 Guerrico
14%
295 Ingeniero Otto Krause
14%
1.848 Mainqué
14%
65 Mallin Ahogado
14%
7.000 Padre Stefenelli
14%
48 Paso Córdoba
14%
46 Pichi Mahuida
14%
194 Playas Doradas
14%
737 Pomona
14%
147 Prahuaniyeu
14%
75 Río Villegas
14%
814 Sargento Vidal
14%
1.542 Sierra Colorada
14%
113 Villa Llanquín
14%
740 Villa Llao Llao
14%
59 Villa Mascardi
14%
155 Aguada Cecilio
7%
126 Aguada De Guerra
7%
110 Aguada Guzmán
7%
168 Arroyo Los Berros
7%
30 Arroyo Ventana
7%
1.900 Barrio Chacra Monte
7%
129 Barrio Colonia Conesa
7%
267 Barrio Costa Este
7%
834 Barrio Costa Oeste
7%
51 Barrio El Maruchito
7%
521 Barrio El Pilar
7%
189 Barrio La Costa
7%
2.512 Barrio Puente 83
7%
258 Barrio Santa Rita
7%
44 Cañadon Chileno
7%
252 Cerro Policía
7%
76 Colan Conhue
7%
936 Colonia Juliá y Echarren
7%
82 Comicó
7%
83 El Juncal
7%
102 Laguna Blanca
7%
1 La Lobería
7%
2.182 Las Perlas
7%
311 Mencué
7%
973 Ministro Ramos Mexía
7%
564 Mosconi
7%
32 Nahuel Niyeu
7%
170 Naupa Huen
7%
261 Ñirihuau
7%
69 Ojos De Agua
7%
462 Paraje Arroyón
7%
158 Península Ruca Co
7%
106 Pilquiniyeu Del Limay
7%
5 Pozo Salado
7%
63 Pueblo Bena Parada
7%
653 Puente Cero
7%
381 Puerto San Antonio Este
7%
4 Punta Colorada
7%
282 Río Chico
7%
16 Salto Andersen
7%
530 San Javier
7%
74 Sierra Pailemán
7%
27 Treneta
7%
1.919 Villa Los Coihues
7%
607 Villa San Isidro
7%
92 Yaminué
7%
84 Barrio El Petróleo
0%
66 Las Bayas
0%
243 Mamuel Choique
0%
50 Peñas Blancas
0%
693 Villa Alberdi
0%
No matching quizzes found
Score Distribution
Percent of People with Each Score
Percentile by Number Answered
Your Score History
You have not taken this quiz